Ejercicios gramaticales i gramática elemental: Tomo III

Gespeichert in:
Bibliographische Detailangaben
1. Verfasser: Sálas Marchan, M.
Format: Buch
Sprache:Spanisch
Erschienen: Santiago Imprenta universitaria 1936
Ausgabe:12° ed.
Katalog:MANES:  Suchergebnis im Bibliothekskatalog
Schulbuchspezifische Eigenschaften:
Tags: Tag hinzufügen
Keine Tags, Fügen Sie den ersten Tag hinzu!
Hinzugefügt zu:10.02.2022
Geändert in:25.04.2025

MARC

LEADER 00000nam a22000007a 4500
005 20250425101520.0
008 220211b |||||||| |||| 00| 0 spa d
040 |a MGM 
100 |9 41630  |a Sálas Marchan, M. 
245 |a Ejercicios gramaticales i gramática elemental: Tomo III 
250 |a 12° ed. 
260 |a Santiago  |b Imprenta universitaria  |c 1936 
300 |a 224 p.  |c 18,4 x 13,2 cm. 
521 |a Para II y III de humanidades 
546 |a Chile  
561 |5 cl-MGM  |3 T 415 S159 T3 2°-3° H  |a Chile. Museo Gabriela Mistral  |k MANES 
690 |a LEN 
691 |a SE 
942 |2 ddc  |c BK 
999 |c 99079  |d 99079 
999 |c manes:99079  |d 99079